[Event "Rowy Jantar op-B 11th"]
[Site "Rowy"]
[Date "2002.06.12"]
[Round "5"]
[White "Orlov, Walery"]
[Black "Baranska, Monika"]
[Result "0-1"]
[WhiteElo "2000"]
[BlackElo "1900"]
[PlyCount "134"]
[EventDate "2002.06.??"]
[EventType "swiss"]
[EventRounds "8"]
[EventCountry "POL"]
[SourceTitle "EXT 2006"]
[Source "ChessBase"]
[SourceDate "2005.11.24"]
[SourceVersion "1"]
[SourceVersionDate "2005.11.24"]
[SourceQuality "1"]

1. d4 d5 2. Nf3 c6 3. Bg5 Nf6 4. Nbd2 Bg4 5. e3 Nbd7 6. Be2 e6 7. 0-0 Bd6 8. e4 dxe4 9. Nxe4 Be7 10. Ned2 0-0 11. h3 Bh5 12. Bf4 c5 13. dxc5 Nxc5 14. Ne5 Bxe2 15. Qxe2 Qd4 16. Bg3 Qxb2 17. Ndc4 Qd4 18. Rad1 Qe4 19. Qd2 Rfd8 20. Qc1 b6 21. f3 Qb7 22. Kh2 Nd5 23. Rde1 Rac8 24. Qb2 Bf6 25. Qa3 Qa6 26. Qxa6 Nxa6 27. a3 Bxe5 28. Nxe5 Rxc2 29. f4 f6 30. Nf3 Ndc7 31. Rd1 Rxd1 32. Rxd1 Nc5 33. Rd8+ Kf7 34. Ne1 Rc3 35. f5 e5 36. Bf2 Ke7 37. Rg8 Ne8 38. Rh8 h6 39. Nf3 Nd7 40. Be1 Rc8 41. Bb4+ Kf7 42. Nh4 Nd6 43. Rxc8 Nxc8 44. a4 a5 45. Ba3 Nc5 46. g4 Nxa4 47. Nf3 Nc5 48. Kg2 Nd6 49. Nd2 Nb5 50. Bb2 Nd3 51. Ba1 Nd6 52. Kf3 b5 53. Ke3 Nf4 54. Nb3 Nc4+ 55. Ke4 b4 56. Nc5 Ke7 57. h4 Kd6 58. Na4 Kc6 59. g5 hxg5 60. hxg5 Kb5 61. gxf6 gxf6 62. Nb2 Nd2+ 63. Ke3 Nb3 64. Nc4 Kxc4 65. Bxe5 fxe5 66. Ke4 Nc5+ 67. Kxe5 Nfe6 0-1